ESSENTIALS OF PRACTICAL PANCHAKARMA THERAPY (Record no. 8598)

MARC details
000 -LEADER
fixed length control field 00311nam a22001337a 4500
003 - CONTROL NUMBER IDENTIFIER
control field SGT
082 ## - DEWEY DECIMAL CLASSIFICATION NUMBER
Classification number 615.53
Item number E15P
100 ## - MAIN ENTRY--PERSONAL NAME
Personal name PATIL, VASANT.C.
245 ## - TITLE STATEMENT
Title ESSENTIALS OF PRACTICAL PANCHAKARMA THERAPY
260 ## - PUBLICATION, DISTRIBUTION, ETC. (IMPRINT)
Place of publication, distribution, etc VARANASI
Name of publisher, distributor, etc CHAUKHAMBHA PUB
Year of Publication 2015
300 ## - PAGE DESCRIPTION
No. of Pages 502
650 ## - SUBJECT ADDED ENTRY--TOPICAL TERM
Topical term or geographic name as entry element PANCHAKARMA
942 ## - ADDED ENTRY ELEMENTS (KOHA)
Source of classification or shelving scheme Dewey Decimal Classification
Koha item type Books
Holdings
Withdrawn status Lost status Source of classification or shelving scheme Damaged status Not for loan Collection code Home library Current library Shelving location Date acquired Vendor Name Cost, normal purchase price SGTU Bill Number Total Checkouts Full call number Accession No. (Barcode) Date last seen Date last borrowed Bill Date Koha item type Use restrictions
    Dewey Decimal Classification     AYURVEDA SGT FA-FP Library SGT FA-FP Library Text Book 25/03/2016 CHAUKHAMBHA 995.00 SGTU CP/B/776 3 615.53 E15P FA4471 19/09/2025 13/09/2025 05/01/2016 Books  
    Dewey Decimal Classification     AYURVEDA SGT FA-FP Library SGT FA-FP Library Text Book 25/03/2016 CHAUKHAMBHA 995.00 SGTU CP/B/776   615.53 E15P FA4472 25/03/2016   05/01/2016 Books  
    Dewey Decimal Classification     AYURVEDA SGT FA-FP Library SGT FA-FP Library Text Book 25/03/2016 CHAUKHAMBHA 995.00 SGTU CP/B/776 1 615.53 E15P FA4473 30/09/2025 13/09/2025 05/01/2016 Books  
    Dewey Decimal Classification     AYURVEDA SGT FA-FP Library SGT FA-FP Library Reference Book 25/03/2016 CHAUKHAMBHA 995.00 SGTU CP/B/776   615.53 E15P FA4474 25/03/2016   05/01/2016 Books Restricted Access
    Dewey Decimal Classification     AYURVEDA SGT FA-FP Library SGT FA-FP Library Text Book 25/03/2016 CHAUKHAMBHA 995.00 SGTU CP/B/776 1 615.53 E15P FA4475 26/02/2019 21/02/2019 05/01/2016 Books